| 000 | 00780nam a2200217 a 4500 | ||
|---|---|---|---|
| 001 | BRCA_1822 | ||
| 005 | 20190320203550.0 | ||
| 008 | 200508s1991----mx-a---###---#000-0#spa-# | ||
| 041 | _aspa | ||
| 044 | _amx | ||
| 050 | 4 |
_aNA7515.M4 _b.C37 1991 |
|
| 245 | 1 | 0 |
_aCasas señoriales del Banco Nacional de México _bCentro Histórico de la Ciudad de México _cfotografía Mark Mogilner. |
| 260 |
_aMéxico _bGrupo Financiero BANAMEX-ACCIVAL _c[1991] |
||
| 300 |
_a16 p. _bil. _c32 cm. |
||
| 500 | _aColección Sonia Corcuera de Mancera | ||
| 610 | 2 | 4 |
_aPalacio de los Condes de San Mateo de Valparaíso _ySiglo XVIII _zCiudad de México _95669 |
| 610 | 2 | 4 |
_aPalacio de Iturbide _ySiglo XVIII _zCiudad de México _95670 |
| 700 | 1 |
_aMogilner, Mark _93933 |
|
| 902 | _aDSC | ||
| 942 |
_2lcc _cB |
||
| 999 |
_c1603 _d1603 |
||